Papacy, monarchy and marriage, 860-1600
Uloženo v:
| Hlavní autor: | |
|---|---|
| Médium: | Kniha |
| Jazyk: | angličtina |
| Vydáno: |
Cambridge
Cambridge University Press
2015
|
| Vydání: | 1a. ed |
| Témata: | |
| Tagy: |
Přidat tag
Žádné tagy, Buďte první, kdo vytvoří štítek k tomuto záznamu!
|
MARC
| LEADER | 00000cam a2200000 a 4500 | ||
|---|---|---|---|
| 001 | UCC8545 | ||
| 003 | CL-VaPUC | ||
| 005 | 20211105074318.0 | ||
| 008 | 190712e20150000uk |||||||||||||||||eng|d | ||
| 020 | |a 9781107062535 | ||
| 040 | |c Pontificia Universidad Católica de Valparaíso | ||
| 082 | 0 | 4 | |a 929.7 |b DAV |2 21 |
| 100 | 0 | |a D'Avray, David L |e author |9 603200 | |
| 245 | 1 | 0 | |a Papacy, monarchy and marriage, 860-1600 |
| 250 | |a 1a. ed | ||
| 260 | |a Cambridge |b Cambridge University Press |c 2015 | ||
| 300 | |a 355 p | ||
| 583 | |a last modification |c 20190712 00:10:00 |k Rodrigo Vera | ||
| 650 | 0 | |a Biografías |9 255210 | |
| 650 | 7 | |a REYES |2 CL-VaPUC |9 349627 | |
| 650 | 7 | |a NOBLEZA |2 CL-VaPUC |9 391796 | |
| 650 | 0 | |a Monarquía |9 255259 | |
| 650 | 0 | |a Papas |9 258738 | |
| 942 | |c BK | ||
| 945 | |d 20190712 00:10:00 |a dcastane | ||
| 999 | |c 374827 |d 374825 | ||
| 952 | |0 0 |1 0 |3 erd |4 0 |6 929_700000000000000_DAV_2015 |7 0 |8 DER_HDC |9 493558 |a BIBDER |b BIBDER |i 5555302 |o 929.7 DAV 2015 |p 5555302 |r 2023-01-25 |w 2019-11-24 |x Ubicación 4to Piso |y BK |z Estos recursos deben solicitarse con anticipación |k DER | ||